Diario del Nuevo Mundo / (Record no. 186762)

MARC details
000 -LEADER
campo de control de longitud fija 01206nam a2200313 i 4500
001 - NÚMERO DE CONTROL
campo de control 186762
003 - IDENTIFICADOR DE NÚMERO DE CONTROL
campo de control SpMaBN
005 - FECHA Y HORA DE LA ÚLTIMA TRANSACCIÓN
campo de control 20240605103448.0
008 - DATOS DE LONGITUD FIJA--INFORMACIÓN GENERAL
campo de control de longitud fija 170213s2015 sp |||| |dspa d
020 ## - NÚMERO INTERNACIONAL ESTÁNDAR DEL LIBRO
Número Internacional Estándar del Libro 978-84-92543-69-4
080 ## - NÚMERO DE LA CLASIFICACIÓN DECIMAL UNIVERSAL
Número de la Clasificación Decimal Universal 929 Larrea, Juan
080 ## - NÚMERO DE LA CLASIFICACIÓN DECIMAL UNIVERSAL
Número de la Clasificación Decimal Universal 821.134.2-84"19"
100 0# - ENTRADA PRINCIPAL--NOMBRE DE PERSONA
Nombre de persona Larrea, Juan,
Fechas asociadas al nombre 1895-1980
9 (RLIN) 70333
245 10 - MENCIÓN DEL TÍTULO
Título Diario del Nuevo Mundo /
Mención de responsabilidad, etc. Juan Larrea ; introducciones de Gabriele Morelli y Juan Manuel Díaz de Guereñu ; edición de Gabrielle Morelli.
260 ## - PUBLICACIÓN, DISTRIBUCIÓN, ETC.
Lugar de publicación, distribución, etc. [Madrid] :
Nombre del editor, distribuidor, etc. Fundación Banco Santander,
Fecha de publicación, distribución, etc. [2015]
300 ## - DESCRIPCIÓN FÍSICA
Extensión 183 p. ;
Dimensiones 24 cm.
490 1# - MENCIÓN DE SERIE
Mención de serie Cuadernos de obra fundamental
504 ## - NOTA DE BIBLIOGRAFÍA, ETC.
Nota de bibliografía, etc. Referencias bibliográficas.
600 04 - PUNTO DE ACCESO ADICIONAL DE MATERIA--NOMBRE DE PERSONA
Nombre de persona Larrea, Juan,
Fechas asociadas al nombre 1895-1980
9 (RLIN) 70333
700 1# - ENTRADA AGREGADA--NOMBRE PERSONAL
Nombre de persona Morelli, Gabriele.
9 (RLIN) 83253
700 0# - ENTRADA AGREGADA--NOMBRE PERSONAL
Nombre de persona Díaz de Guereñu, Juan Manuel,
Fechas asociadas al nombre 1956-
9 (RLIN) 44227
710 2# - ENTRADA AGREGADA--NOMBRE DE ENTIDAD CORPORATIVA
Nombre de entidad corporativa o nombre de jurisdicción como elemento de entrada Fundación Banco Santander.
9 (RLIN) 147458
830 0# - PUNTO DE ACCESO ADICIONAL DE SERIE-TÍTULO UNIFORME
Título uniforme Cuadernos de obra fundamental
9 (RLIN) 192594
852 ## - LOCALIZACIÓN
Ubicación ES-MaACL
Número de control de estantería A-14025
itemnumber 193819
Sublocalización o colección R.151333
Ubicación en estantería Depósito 1
Signatura antigua Olim: N-7025
Donativo/Legado Donación: Real Academia Española
914 ## - NOMBRE ENTIDAD DE DONANTE
RLIN 6336
Nombre de congreso/reunión o jurisdicción como elemento de entrada Real Academia Española
Unidad subordinada Donante
942 ## - ELEMENTOS DE ENTRADA SECUNDARIOS (KOHA)
Fuente del sistema de clasificación o colocación Clasificación decimal universal
Tipo de ítem Koha Libro impreso
Holdings
Estatus retirado Estado de pérdida Fuente del sistema de clasificación o colocación Estado de daño No para préstamo Biblioteca de origen Biblioteca actual Ubicación en estantería Fecha de adquisición Fuente de adquisición Total de préstamos Signatura topográfica completa Código de barras Visto por última vez Precio de reemplazo Tipo de ítem Koha
    Clasificación decimal universal     Biblioteca del Ateneo de Madrid Biblioteca del Ateneo de Madrid Depósito 1 13/02/2017 Donación   A-14025 1196997 23/02/2023 23/02/2023 Libro impreso